00627cam a22002411 4500001001300000003000400013005001700017008004100034010001700075035002000092040001800112042001200130050001700142100002900159245004300188260001200231300001900243500001300262500003000275504003100305600003200336999001700368sa 66001285 DLC20260227112220.0890425q19601969pk b 000 0 urdr  asa 66001285  a(OCoLC)19602279 aDLCcWaUdDLC apremarc00aDS238.U4bN31 aNadvī, ʻAbdussalām.10aSīrat-i ʻUmar ibn ʻAbdul ʻAzīz. c[196-?] a240 p.c19 cm. aIn Urdu. aText partially vocalized. aBibliographical footnotes.00aʻUmarbII,cCaliph,d-720. c67694d67694